[Event "SVR-op 34th"]
[Site "Reil"]
[Date "2011.04.16"]
[Round "2"]
[White "Boesten, Paul"]
[Black "Willmes, Alexander"]
[Result "1-0"]
[WhiteElo "1801"]
[BlackElo "1490"]
[PlyCount "113"]
[EventDate "2011.04.16"]
[EventType "swiss"]
[EventRounds "7"]
[EventCountry "GER"]
[SourceTitle "EXT 2013"]
[Source "ChessBase"]
[SourceDate "2012.11.22"]
[SourceVersion "1"]
[SourceVersionDate "2012.11.22"]
[SourceQuality "1"]

1. e4 e5 2. Nf3 Nc6 3. Bb5 d6 4. 0-0 Nf6 5. Re1 Be7 6. d4 exd4 7. Nxd4 Bd7 8. Nf5 0-0 9. Nxe7+ Nxe7 10. Bxd7 Qxd7 11. Bg5 Ne8 12. Nc3 h6 13. Be3 Nf6 14. f4 Ng6 15. Qf3 Ng4 16. Bd2 c6 17. Rad1 Nf6 18. Be3 Qc7 19. Bd4 Nd7 20. Qg3 Kh7 21. h4 f6 22. h5 Ne7 23. Re2 Rae8 24. Rde1 c5 25. Be3 Nc6 26. Qg6+ Kh8 27. Nd5 Qd8 28. Bf2 Ne7 29. Nxe7 Qxe7 30. Bg3 Qf7 31. Qg4 Qe6 32. Qxe6 Rxe6 33. f5 Ree8 34. Bxd6 Rf7 35. Kf2 b6 36. c3 Ne5 37. Bxe5 Rxe5 38. Rd1 Kg8 39. Kf3 Rfe7 40. Rd5 Kf7 41. Rxe5 Rxe5 42. Rd2 Ke7 43. Kf4 Ke8 44. Rd6 Kf7 45. Rd7+ Re7 46. Rxe7+ Kxe7 47. e5 fxe5+ 48. Kxe5 c4 49. a4 a6 50. Kd5 Kd7 51. Kxc4 Kd6 52. Kd4 Ke7 53. Ke5 Kf7 54. Kd6 Kf6 55. Kc6 Kxf5 56. Kxb6 Kg5 57. c4 1-0

[Event "Rheinland Pfalz op 2nd"]
[Site "Schweich"]
[Date "2010.07.16"]
[Round "2"]
[White "Willmes, Alexander"]
[Black "Kirmeir, Andreas"]
[Result "1/2-1/2"]
[WhiteElo "1574"]
[BlackElo "1826"]
[PlyCount "36"]
[EventDate "2010.07.16"]
[EventType "swiss"]
[EventRounds "7"]
[EventCountry "GER"]
[SourceTitle "EXT 2012"]
[Source "ChessBase"]
[SourceDate "2011.11.24"]
[SourceVersion "1"]
[SourceVersionDate "2011.11.24"]
[SourceQuality "1"]

1. e4 g6 2. Nf3 Bg7 3. d4 d6 4. Be2 e6 5. Be3 Ne7 6. 0-0 b6 7. c4 Nd7 8. Nc3 Bb7 9. Rc1 a6 10. Ng5 h6 11. Nh3 0-0 12. f4 f5 13. e5 d5 14. Rf3 Rb8 15. Qb3 c6 16. g4 Kh7 17. g5 h5 18. Nf2 Rh8 1/2-1/2